书目信息 |
| 题名: |
流体力学学习辅导与习题精解
|
|
| 作者: | 蔡增基 编 | |
| 分册: | ||
| 出版信息: | 北京 中国建筑工业出版社 2007 |
|
| 页数: | 184页 | |
| 开本: | 26cm | |
| 丛书名: | 高等学校学习辅导与习题精解丛书 | |
| 单 册: | ||
| 中图分类: | O35 | |
| 科图分类: | ||
| 主题词: | 流体力学--高等学校--教学参考资料 | |
| 电子资源: | ||
| ISBN: | 978-7-112-09283-3 | |
| 000 | 00907nam0 2200253 450 | |
| 001 | 2338013712 | |
| 005 | 20230925103406.95 | |
| 010 | @a978-7-112-09283-3@dCNY18.00 | |
| 090 | @aO35@bczj | |
| 096 | @aO35@bczj | |
| 100 | @a20070327d2007 em y0chiy50 ea | |
| 101 | 0 | @achi |
| 102 | @aCN@b110000 | |
| 105 | @ay z 000yy | |
| 200 | 1 | @a流体力学学习辅导与习题精解 @f蔡增基编 @9liu ti li xue xue xi fu dao yu xi ti jing jie |
| 210 | @a北京@c中国建筑工业出版社@d2007 | |
| 215 | @a184页@d26cm | |
| 225 | 1 | @a高等学校学习辅导与习题精解丛书 |
| 330 | @a本书分为10章,内容包括:流体静力学、一元流体动力学、流动阻力和能量损失、孔口管嘴出流、射流、不可压缩流体动力学基础、绕流运动、一元气体动力学基础、相似原理和因次分析等。 | |
| 606 | 0 | @a流体力学@x高等学校@j教学参考资料 |
| 690 | @aO35@v4 | |
| 701 | 0 | @a蔡增基@4编@9cai zeng ji |
| 801 | 0 | @aCN@b河南城建学院图书馆@c20070327 |
| 905 | @a10447@dO35@eC0721 | |
| 流体力学学习辅导与习题精解 /蔡增基编 .-北京:中国建筑工业出版社,2007 |
| 184页;26cm.-(高等学校学习辅导与习题精解丛书) |
| ISBN 978-7-112-09283-3:CNY18.00 |
| 本书分为10章,内容包括:流体静力学、一元流体动力学、流动阻力和能量损失、孔口管嘴出流、射流、不可压缩流体动力学基础、绕流运动、一元气体动力学基础、相似原理和因次分析等。 |
| ● |
| 相关链接 |
|
|
|
正题名:流体力学学习辅导与习题精解
索取号:O35/C0721
 
预约/预借
| 序号 | 登录号 | 条形码 | 馆藏地/架位号 | 状态 | 备注 |
| 1 | 1506524 | 215065248 | 自科库401/401自科库 53排3列2层/ [索取号:O35/C0721] | 在馆 |